World's Most Boring Quiz Ever Stats

 Plays Quiz Updated Oct 31, 2017

Also try: Sleepy Creatures
Challenge
Share
Tweet
Score 0/25 Timer 10:00
0 Plays Today
% Correct
Charlie Chaplin
95.2%
Barack Obama
90.6%
Jennifer Lopez
85.9%
Justin Bieber
84.4%
O. J. Simpson
84.3%
Julia Roberts
82%
Kim Kardashian
81.7%
Reese Witherspoon
73.3%
Madonna
71.9%
Bill Murray
71.4%
14th Dalai Lama
69.5%
Shaquille O'Neal
69.4%
Angela Merkel
69.2%
% Correct
Venus Williams
68.4%
Rowan Atkinson
65.8%
Pope John Paul II
59.8%
Charles Barkley
57.7%
Nick Jonas
55.7%
Tony Blair
53.6%
Kanye West
53.3%
Katherine Heigl
38.2%
Boris Johnson
36.9%
Natalie Portman
36.8%
Arsène Wenger
27%
Jesse Tyler Ferguson
26.5%

You're not logged in!

Compare scores with friends on all Sporcle quizzes.
OR
Log In

You Might Also Like...

Show Comments

Extras

Top Quizzes Today


Score Distribution

Your Account Isn't Verified!

In order to create a playlist on Sporcle, you need to verify the email address you used during registration. Go to your Sporcle Settings to finish the process.

Report this User

Report this user for behavior that violates our Community Guidelines.

Details: